[Event "European Corporate"]
[Site "Asnieres sur Seine"]
[Date "2024.11.23"]
[Round "6.8"]
[White "Kirk, Eden"]
[Black "Sigeman, Johan"]
[Result "1/2-1/2"]
[WhiteElo "1933"]
[BlackElo "2038"]
[PlyCount "92"]
[EventDate "2024.11.22"]
[EventType "team-swiss"]
[EventRounds "9"]
[EventCountry "FRA"]
[SourceTitle "CB48_2024"]
[SourceDate "2024.11.28"]
[SourceVersion "1"]
[SourceVersionDate "2024.11.28"]
[SourceQuality "1"]
[WhiteTeam "Chateau Montaiguillon"]
[BlackTeam "TePe Sigeman"]
[WhiteTeamCountry "FRA"]
[BlackTeamCountry "SWE"]

1. d4 Nf6 2. Nf3 e6 3. Bg5 d5 4. e3 Be7 5. Bd3 0-0 6. Nbd2 c5 7. c3 Nc6 8. Qc2 h6 9. Bh4 Bd7 10. Rc1 Rc8 11. Qb1 cxd4 12. exd4 Nh5 13. Bg3 f5 14. Be5 Bf6 15. Bd6 Be7 16. Bxe7 Qxe7 17. 0-0 Nf4 18. Rfe1 Qf6 19. Re3 Nxd3 20. Qxd3 a6 21. Rce1 Nd8 22. Ne5 Bb5 23. Qc2 f4 24. Rf3 Qf5 25. Qb3 Nf7 26. a4 Bc6 27. g4 Qf6 28. Qc2 Ng5 29. Rd3 Rce8 30. Ndf3 Ne4 31. b3 Kh8 32. Nxc6 bxc6 33. Ne5 c5 34. Qe2 cxd4 35. Nd7 Qg5 36. Nxf8 Rxf8 37. c4 f3 38. Rxf3 Qxg4+ 39. Rg3 Qxe2 40. Rxe2 Nxg3 41. hxg3 dxc4 42. bxc4 Rc8 43. Rxe6 Rxc4 44. Rxa6 d3 45. Rd6 Rxa4 46. Rxd3 Kh7 1/2-1/2

[Event "European Corporate"]
[Site "Asnieres sur Seine"]
[Date "2024.11.23"]
[Round "5.8"]
[White "Sigeman, Johan"]
[Black "Clausen, Martin"]
[Result "1/2-1/2"]
[WhiteElo "2038"]
[BlackElo "1981"]
[PlyCount "74"]
[EventDate "2024.11.22"]
[EventType "team-swiss"]
[EventRounds "9"]
[EventCountry "FRA"]
[SourceTitle "CB48_2024"]
[SourceDate "2024.11.28"]
[SourceVersion "1"]
[SourceVersionDate "2024.11.28"]
[SourceQuality "1"]
[WhiteTeam "TePe Sigeman"]
[BlackTeam "Post Swiss"]
[WhiteTeamCountry "SWE"]
[BlackTeamCountry "SUI"]

1. c4 Nf6 2. Nc3 c5 3. Nf3 g6 4. g3 Bg7 5. Bg2 0-0 6. 0-0 Nc6 7. d4 cxd4 8. Nxd4 d6 9. Nxc6 bxc6 10. Rb1 Qc7 11. b3 Bg4 12. h3 Bd7 13. Bb2 Rab8 14. e4 Rfd8 15. Qe2 Qa5 16. Rfe1 e5 17. Red1 Ne8 18. Na4 c5 19. Nc3 Bc6 20. Ba1 Nc7 21. Nd5 Bxd5 22. exd5 Re8 23. h4 f5 24. h5 Re7 25. hxg6 hxg6 26. Rdc1 Na6 27. Bc3 Qd8 28. Qd2 Qf8 29. Re1 Bh6 30. Qe2 Bg7 31. a3 Reb7 32. Qc2 Rc8 33. Bf1 Rcb8 34. Be2 Bf6 35. Bf1 Bg7 36. Be2 Bf6 37. Bf1 Bg7 1/2-1/2

[Event "Gothenburg Kvibergspelen"]
[Site "Gothenburg"]
[Date "2024.09.08"]
[Round "8"]
[White "Sigeman, Johan"]
[Black "Andren, Patrik"]
[Result "1-0"]
[WhiteElo "2032"]
[BlackElo "1895"]
[PlyCount "51"]
[EventDate "2024.09.06"]
[EventType "swiss"]
[EventRounds "8"]
[EventCountry "SWE"]
[SourceTitle "EXT 2025"]
[Source "ChessBase"]
[SourceDate "2024.10.14"]
[SourceVersion "1"]
[SourceVersionDate "2024.10.14"]
[SourceQuality "1"]

1. d4 Nf6 2. Nf3 g6 3. g3 Bg7 4. Bg2 0-0 5. 0-0 d6 6. c4 a6 7. Nc3 Nc6 8. b3 Rb8 9. Nd5 b5 10. Nxf6+ exf6 11. cxb5 axb5 12. Bb2 b4 13. d5 Ne5 14. Nd4 Bd7 15. Qd2 Rb6 16. Rfc1 f5 17. h3 g5 18. Rc2 Bh6 19. Rac1 Qf6 20. Rxc7 g4 21. e3 gxh3 22. Bxh3 Qg6 23. Rxd7 Nxd7 24. Bxf5 Qh5 25. Bxd7 Ra8 26. Nf5 1-0

[Event "Gothenburg Kvibergspelen"]
[Site "Gothenburg"]
[Date "2024.09.06"]
[Round "3"]
[White "Dingertz, Filip"]
[Black "Sigeman, Johan"]
[Result "1-0"]
[WhiteElo "1858"]
[BlackElo "2032"]
[PlyCount "52"]
[EventDate "2024.09.06"]
[EventType "swiss"]
[EventRounds "8"]
[EventCountry "SWE"]
[SourceTitle "EXT 2025"]
[Source "ChessBase"]
[SourceDate "2024.10.14"]
[SourceVersion "1"]
[SourceVersionDate "2024.10.14"]
[SourceQuality "1"]

1. c4 e5 2. Nc3 Nc6 3. g3 f5 4. Bg2 Nf6 5. d3 g6 6. e4 d6 7. h4 Bg7 8. Bg5 h6 9. Bxf6 Qxf6 10. Nge2 0-0 11. Nd5 Qf7 12. exf5 Bxf5 13. 0-0 Rae8 14. Nec3 Nd4 15. Ne3 c6 16. Nxf5 Qxf5 17. Ne4 Nf3+ 18. Bxf3 Qxf3 19. Nxd6 Rd8 20. Nxb7 Rb8 21. Nc5 Rxb2 22. Qxf3 Rxf3 23. Kg2 Rf7 24. a4 e4 25. Nxe4 Rb4 26. Rfb1 a5 1-0

[Event "Vaxjo op"]
[Site "Vaxjo"]
[Date "2024.02.09"]
[Round "2"]
[White "Sigeman, Johan"]
[Black "Hector, Jonny"]
[Result "0-1"]
[WhiteElo "2020"]
[BlackElo "2449"]
[PlyCount "68"]
[EventDate "2024.02.09"]
[EventType "swiss"]
[EventRounds "8"]
[EventCountry "SWE"]
[SourceTitle "CBM 218 Extra"]
[Source "ChessBase"]
[SourceDate "2024.03.31"]
[SourceVersion "1"]
[SourceVersionDate "2024.03.31"]
[SourceQuality "1"]

1. Nf3 d5 2. d4 Nf6 3. g3 Bf5 4. Bg2 h6 5. 0-0 e6 6. c4 c6 7. Qb3 Qb6 8. c5 Qa6 9. Nc3 b6 10. cxb6 axb6 11. Bf4 Be7 12. Rfe1 0-0 13. a3 c5 14. e3 c4 15. Qd1 Nc6 16. Ne5 Na5 17. g4 Bh7 18. h4 Ne4 19. Nxe4 Bxe4 20. Bxe4 dxe4 21. g5 g6 22. h5 hxg5 23. hxg6 fxg6 24. Nxg6 gxf4 25. Qh5 Kg7 26. Nxe7 Rf6 27. exf4 Rh8 28. Qg5+ Kf7 29. Re3 Rfh6 30. Rh3 Rxh3 31. Qg6+ Kxe7 32. Qg7+ Kd8 33. Qf6+ Kc7 34. Qe7+ Kb8 0-1

[Event "Deltalift op"]
[Site "Tylosand"]
[Date "2023.05.18"]
[Round "2"]
[White "Hector, Jonny"]
[Black "Sigeman, Johan"]
[Result "1-0"]
[WhiteElo "2482"]
[BlackElo "2045"]
[PlyCount "79"]
[EventDate "2023.05.18"]
[EventType "swiss"]
[EventRounds "8"]
[EventCountry "SWE"]
[SourceTitle "CBM 214 Extra"]
[Source "ChessBase"]
[SourceDate "2023.07.31"]
[SourceVersion "1"]
[SourceVersionDate "2023.07.31"]
[SourceQuality "1"]

1. e4 e5 2. Nf3 Nc6 3. Nc3 Nf6 4. d4 exd4 5. Nd5 Be7 6. Bc4 0-0 7. 0-0 d6 8. Nxd4 Nxd5 9. Bxd5 Nxd4 10. Qxd4 Bf6 11. Qd3 c6 12. Bb3 Qe7 13. c3 Re8 14. Bc2 g6 15. Bd2 Be6 16. Rae1 b5 17. b3 Rad8 18. f4 Bc8 19. Qf3 Bb7 20. f5 g5 21. Qh5 Kh8 22. Rf3 Rg8 23. Rh3 Rg7 24. Qg4 Be5 25. Rh6 f6 26. Re3 Rd7 27. h4 gxh4 28. Qxh4 d5 29. exd5 Rxd5 30. Qe1 Qd6 31. Re2 Qc5+ 32. Kh1 Qe7 33. Bf4 Qd6 34. Bxe5 Rxe5 35. Rxe5 Qxe5 36. Qxe5 fxe5 37. f6 Rd7 38. Bf5 Rf7 39. g4 c5+ 40. Kg1 1-0

[Event "Reykjavik Kvika op"]
[Site "Reykjavik"]
[Date "2022.04.08"]
[Round "4"]
[White "Sigeman, Johan"]
[Black "Thomas, Kenneth P"]
[Result "1/2-1/2"]
[WhiteElo "2136"]
[BlackElo "1834"]
[PlyCount "87"]
[EventDate "2022.04.06"]
[EventType "swiss"]
[EventRounds "9"]
[EventCountry "ISL"]
[SourceTitle "CBM 207 Extra"]
[Source "ChessBase"]
[SourceDate "2022.05.31"]
[SourceVersion "1"]
[SourceVersionDate "2022.05.31"]
[SourceQuality "1"]

1. d4 Nf6 2. c4 e6 3. g3 d5 4. Bg2 Be7 5. Nf3 0-0 6. 0-0 Nbd7 7. Nc3 c6 8. b3 b6 9. Bb2 Bb7 10. Qc2 Rc8 11. e4 Qc7 12. Rad1 Rfd8 13. e5 Ne8 14. Rfe1 Qb8 15. Qb1 Nc7 16. cxd5 Nxd5 17. Ne4 c5 18. Neg5 Nf8 19. dxc5 bxc5 20. Bf1 h6 21. Ne4 Bc6 22. Nfd2 Nb6 23. Qc2 Nbd7 24. Nc4 Bxe4 25. Qxe4 Nb6 26. Bd3 Nxc4 27. Bxc4 Rxd1 28. Rxd1 Rd8 29. Rd3 Rxd3 30. Qxd3 Qb7 31. f3 Kh8 32. Kf2 Kg8 33. Ke3 Qb6 34. Bc3 Qc7 35. Qe4 h5 36. f4 g6 37. h3 Qd7 38. Ke2 Qc7 39. Ke3 Bd8 40. g4 hxg4 41. hxg4 Qe7 42. Qh1 Bc7 43. Qh6 Qd8 44. Qh1 1/2-1/2

[Event "Reykjavik Kvika op"]
[Site "Reykjavik"]
[Date "2022.04.07"]
[Round "2"]
[White "Sigeman, Johan"]
[Black "Jonsson, Olafur Gisli"]
[Result "1-0"]
[WhiteElo "2136"]
[BlackElo "1847"]
[PlyCount "101"]
[EventDate "2022.04.06"]
[EventType "swiss"]
[EventRounds "9"]
[EventCountry "ISL"]
[SourceTitle "CBM 207 Extra"]
[Source "ChessBase"]
[SourceDate "2022.05.31"]
[SourceVersion "1"]
[SourceVersionDate "2022.05.31"]
[SourceQuality "1"]

1. d4 Nf6 2. c4 e6 3. g3 d5 4. Bg2 Be7 5. Nf3 0-0 6. 0-0 Nbd7 7. Nc3 c6 8. b3 b6 9. Bb2 Bb7 10. Qc2 Rc8 11. e4 dxe4 12. Ng5 c5 13. Ncxe4 Nxe4 14. Nxe4 Bxe4 15. Bxe4 Nf6 16. dxc5 Nxe4 17. Qxe4 Rxc5 18. Rfd1 Qc7 19. Rd3 Rd8 20. Rad1 Rxd3 21. Rxd3 h6 22. h4 Bf6 23. Bxf6 gxf6 24. Qa8+ Kg7 25. Rd8 f5 26. Rh8 b5 27. Qf8+ Kf6 28. Qxh6+ Ke7 29. Qg5+ Kd7 30. Rf8 Kc6 31. cxb5+ Kxb5 32. Qf4 Rc1+ 33. Kh2 Qc5 34. Rb8+ Ka6 35. Qa4+ Qa5 36. Qxa5+ Kxa5 37. Rb7 Ka6 38. Rxf7 Rc2 39. Kg2 Rxa2 40. h5 Rb2 41. Re7 Rxb3 42. Rxe6+ Kb7 43. h6 Rc3 44. h7 Rc8 45. Rh6 Rh8 46. Kf3 a5 47. Kf4 a4 48. Kxf5 a3 49. Kg6 a2 50. Rh1 Rc8 51. Ra1 1-0

[Event "Gibraltar Masters 18th"]
[Site "Caleta"]
[Date "2020.01.28"]
[Round "8"]
[White "Bellon Lopez, Juan Manuel"]
[Black "Sigeman, Johan"]
[Result "1/2-1/2"]
[WhiteElo "2348"]
[BlackElo "2119"]
[PlyCount "113"]
[EventDate "2020.01.21"]
[EventType "swiss"]
[EventRounds "10"]
[EventCountry "GGB"]
[SourceTitle "CBM 194 Extra"]
[Source "ChessBase"]
[SourceDate "2020.03.31"]
[SourceVersion "1"]
[SourceVersionDate "2020.03.31"]
[SourceQuality "1"]

1. d4 Nf6 2. Bg5 e6 3. e3 h6 4. Bxf6 Qxf6 5. Nd2 d5 6. Bd3 c5 7. c3 Nc6 8. Ngf3 Bd6 9. 0-0 0-0 10. Re1 cxd4 11. exd4 e5 12. dxe5 Nxe5 13. Nxe5 Bxe5 14. Qh5 Bf4 15. Nf3 Be6 16. Nd4 Rfe8 17. g3 Bc7 18. Re3 Qg5 19. Qxg5 hxg5 20. Bb5 Rf8 21. Nxe6 fxe6 22. Rxe6 Bb6 23. Rf1 d4 24. Bc4 Kh8 25. Re5 Rac8 26. Bb3 dxc3 27. Rxg5 Rc5 28. Rxc5 Bxc5 29. bxc3 Rf3 30. Bd5 Rxc3 31. Bxb7 Rc2 32. Bd5 g5 33. Bb3 Rb2 34. Kg2 Kg7 35. h4 gxh4 36. gxh4 a5 37. Kf3 a4 38. Be6 Kf6 39. Bg8 Kf5 40. Kg3 Bd6+ 41. f4 Rd2 42. Rf3 Rb2 43. h5 Rb4 44. Bh7+ Kf6 45. Kg4 Rb2 46. Rd3 Bb8 47. Rd8 Rb4 48. Be4 Rxe4 49. Rxb8 Re2 50. h6 Kg6 51. Rh8 Rg2+ 52. Kh3 Rxa2 53. f5+ Kxf5 54. Rg8 Ra1 55. Kh2 Ra2+ 56. Kh1 Ra1+ 57. Kh2 1/2-1/2

[Event "Gibraltar Masters 18th"]
[Site "Caleta"]
[Date "2020.01.25"]
[Round "5"]
[White "Sigeman, Johan"]
[Black "Sousa, Ludy Helsio Paulo"]
[Result "1-0"]
[WhiteElo "2119"]
[BlackElo "2247"]
[PlyCount "105"]
[EventDate "2020.01.21"]
[EventType "swiss"]
[EventRounds "10"]
[EventCountry "GGB"]
[SourceTitle "CBM 194 Extra"]
[Source "ChessBase"]
[SourceDate "2020.03.31"]
[SourceVersion "1"]
[SourceVersionDate "2020.03.31"]
[SourceQuality "1"]

1. c4 e5 2. Nc3 c5 3. Nf3 Nc6 4. e3 d6 5. d4 Bd7 6. Be2 Nf6 7. 0-0 Be7 8. d5 Nb8 9. e4 Na6 10. Ne1 0-0 11. f4 exf4 12. Bxf4 Be8 13. Nd3 Nb4 14. e5 Nxd3 15. exf6 Nxf4 16. fxe7 Nh3+ 17. gxh3 Qxe7 18. Bg4 Qg5 19. Qc1 Qh4 20. Qf4 h5 21. Bf5 Qxf4 22. Rxf4 g6 23. Bd3 Bd7 24. Ne4 Bf5 25. Nf6+ Kg7 26. Nxh5+ Kh6 27. Bxf5 Kxh5 28. Bg4+ Kg5 29. Raf1 f5 30. h4+ Kh6 31. Bd1 Rae8 32. h5 Re5 33. hxg6 Kxg6 34. Bc2 Re2 35. Rxf5 Rxf5 36. Bxf5+ Kg5 37. Rf2 Rxf2 38. Kxf2 Kxf5 39. Kf3 b5 40. b3 bxc4 41. bxc4 a5 42. Ke3 a4 43. Kd3 Kf4 44. Kc3 Ke4 45. h4 Kf4 46. Kb2 Kg4 47. Ka3 Kxh4 48. Kxa4 Kg5 49. Kb5 Kf6 50. Kc6 Ke5 51. a4 Kd4 52. a5 Kxc4 53. a6 1-0

[Event "Gibraltar Masters 18th"]
[Site "Caleta"]
[Date "2020.01.23"]
[Round "3"]
[White "Sigeman, Johan"]
[Black "Judkovsky, Yair"]
[Result "0-1"]
[WhiteElo "2119"]
[BlackElo "2305"]
[PlyCount "88"]
[EventDate "2020.01.21"]
[EventType "swiss"]
[EventRounds "10"]
[EventCountry "GGB"]
[SourceTitle "CBM 194 Extra"]
[Source "ChessBase"]
[SourceDate "2020.03.31"]
[SourceVersion "1"]
[SourceVersionDate "2020.03.31"]
[SourceQuality "1"]

1. d4 Nf6 2. c4 e6 3. g3 c5 4. d5 exd5 5. cxd5 d6 6. Bg2 g6 7. Nf3 Bg7 8. 0-0 0-0 9. Nc3 Na6 10. Nd2 Nc7 11. a4 b6 12. Nc4 Ba6 13. Ne3 Re8 14. Rb1 Qe7 15. Qc2 Bc8 16. Re1 Bd7 17. Bd2 Rab8 18. Nc4 b5 19. axb5 Bxb5 20. b3 Ng4 21. Bf4 Bxc4 22. bxc4 Bxc3 23. Qxc3 Rxb1 24. Rxb1 Qxe2 25. Qf3 Qe1+ 26. Rxe1 Rxe1+ 27. Bf1 Rxf1+ 28. Kg2 Rxf2+ 29. Qxf2 Nxf2 30. Bxd6 Nxd5 31. Kxf2 Nf6 32. Kf3 Nd7 33. Ke4 f5+ 34. Kd5 Kf7 35. Bxc5 Nxc5 36. Kxc5 Ke7 37. Kc6 a5 38. c5 a4 39. Kb7 a3 40. c6 a2 41. c7 a1Q 42. c8Q Qb1+ 43. Ka7 Qa2+ 44. Kb8 Qb3+ 0-1

[Event "Gibraltar Masters 18th"]
[Site "Caleta"]
[Date "2020.01.21"]
[Round "1"]
[White "Sigeman, Johan"]
[Black "Javakhishvili, Lela"]
[Result "0-1"]
[WhiteElo "2119"]
[BlackElo "2463"]
[PlyCount "92"]
[EventDate "2020.01.21"]
[EventType "swiss"]
[EventRounds "10"]
[EventCountry "GGB"]
[SourceTitle "CBM 194 Extra"]
[Source "ChessBase"]
[SourceDate "2020.03.31"]
[SourceVersion "1"]
[SourceVersionDate "2020.03.31"]
[SourceQuality "1"]

1. d4 d6 2. e4 Nf6 3. Nc3 g6 4. g3 Bg7 5. Bg2 0-0 6. Nge2 e5 7. 0-0 Nc6 8. h3 exd4 9. Nxd4 Bd7 10. Bg5 Nxd4 11. Qxd4 h6 12. Bd2 Re8 13. Qd3 Bc6 14. Rfe1 Nd7 15. Rab1 Nc5 16. Qc4 Qd7 17. Nd5 a5 18. Qf1 Kh7 19. Bc3 Bb5 20. Bxg7 Bxf1 21. Nf6+ Kxg7 22. Nxd7 Bxg2 23. Nxc5 Bxh3 24. Nd3 g5 25. f3 Bd7 26. g4 h5 27. gxh5 Rh8 28. Kg2 Rxh5 29. Rh1 Rxh1 30. Rxh1 Re8 31. Kg3 f5 32. Re1 Kf6 33. exf5 Rxe1 34. Nxe1 Kxf5 35. Kf2 Ke5 36. Ke3 Bf5 37. c3 d5 38. Ng2 c5 39. Kd2 d4 40. cxd4+ cxd4 41. a3 Bd7 42. Kd3 Bb5+ 43. Kd2 Bf1 44. Ne1 Kf4 45. b4 axb4 46. axb4 d3 0-1

[Event "Helsingor Xtracon op"]
[Site "Helsingor"]
[Date "2019.07.23"]
[Round "5"]
[White "Sigeman, Johan"]
[Black "Skovgaard, Ib"]
[Result "1/2-1/2"]
[WhiteElo "2120"]
[BlackElo "1911"]
[PlyCount "80"]
[EventDate "2019.07.20"]
[EventType "swiss"]
[EventRounds "10"]
[EventCountry "DEN"]
[SourceTitle "CBM 191 Extra"]
[Source "ChessBase"]
[SourceDate "2019.09.30"]
[SourceVersion "1"]
[SourceVersionDate "2019.09.30"]
[SourceQuality "1"]

1. c4 c6 2. d4 d5 3. Nf3 Nf6 4. g3 dxc4 5. Bg2 Bf5 6. 0-0 e6 7. Ne5 Be4 8. f3 Bc2 9. Qxc2 Qxd4+ 10. Kh1 Qxe5 11. Qxc4 Nbd7 12. e4 Nb6 13. Qb3 Rd8 14. a4 Nfd7 15. a5 Nc5 16. Qc2 Nbd7 17. f4 Qc7 18. e5 h5 19. Ra3 Na6 20. f5 Nb4 21. Qe2 Nxe5 22. fxe6 f6 23. Bf4 Nd5 24. Ra4 Nxf4 25. gxf4 Ng4 26. Be4 Bc5 27. Bg6+ Ke7 28. h3 Ne3 29. Rc1 Qd6 30. Nc3 f5 31. Qe1 h4 32. Qg1 Bd4 33. Bxf5 Nc4 34. Qg6 Qxf4 35. Qf7+ Kd6 36. Ne4+ Ke5 37. Raxc4 Qf3+ 38. Kh2 Qe2+ 39. Kh1 Qf3+ 40. Kh2 Qe2+ 1/2-1/2

[Event "Deltalift op"]
[Site "Tylosand"]
[Date "2019.05.30"]
[Round "2"]
[White "Sigeman, Johan"]
[Black "Jobava, Baadur"]
[Result "0-1"]
[WhiteElo "2131"]
[BlackElo "2618"]
[PlyCount "74"]
[EventDate "2019.05.30"]
[EventType "swiss"]
[EventRounds "8"]
[EventCountry "SWE"]
[SourceTitle "CBM 190 Extra"]
[Source "ChessBase"]
[SourceDate "2019.07.15"]
[SourceVersion "1"]
[SourceVersionDate "2019.07.15"]
[SourceQuality "1"]

1. c4 Nf6 2. Nc3 e6 3. e4 d5 4. cxd5 exd5 5. e5 Ne4 6. d4 Nc6 7. Nf3 Bb4 8. Bd2 0-0 9. Bd3 Bf5 10. 0-0 Bg6 11. Qe2 f5 12. a3 Bxc3 13. bxc3 Bh5 14. Rab1 Na5 15. c4 Nxc4 16. Bxc4 dxc4 17. Qxc4+ Kh8 18. Bb4 Re8 19. Rb3 Qd7 20. Re3 Rad8 21. h3 Re6 22. Nh4 Bg6 23. f3 Ng3 24. Rd1 f4 25. Nxg6+ hxg6 26. Red3 g5 27. Be1 Nf5 28. Bf2 Ne7 29. d5 Rxe5 30. Bd4 Rxd5 31. Qc3 Kh7 32. Qc2 Ng6 33. h4 gxh4 34. R3d2 c6 35. Bc3 Qf7 36. Re1 Rxd2 37. Bxd2 Qd5 0-1

[Event "Reykjavik op"]
[Site "Reykjavik"]
[Date "2017.04.27"]
[Round "10"]
[White "Guezennec, Franck"]
[Black "Sigeman, Johan"]
[Result "0-1"]
[WhiteElo "2271"]
[BlackElo "2138"]
[PlyCount "92"]
[EventDate "2017.04.19"]
[EventType "swiss"]
[EventRounds "10"]
[EventCountry "ISL"]
[SourceTitle "CBM 178 Extra"]
[Source "ChessBase"]
[SourceDate "2017.06.22"]
[SourceVersion "1"]
[SourceVersionDate "2017.06.22"]
[SourceQuality "1"]

1. e4 e5 2. Nf3 Nc6 3. Bc4 Nf6 4. d3 Be7 5. c3 0-0 6. Nbd2 d5 7. Bb3 dxe4 8. dxe4 Bg4 9. h3 Bh5 10. Qe2 Re8 11. Nf1 Bf8 12. g4 Bg6 13. Ng3 Na5 14. Bc2 Qd6 15. b4 Qc6 16. 0-0 Nc4 17. b5 Qc5 18. Bd3 Nb6 19. a4 Rad8 20. c4 Qd6 21. Ne1 Nbd7 22. Ba3 Nc5 23. a5 Qe6 24. Bc2 b6 25. Nf3 Qc8 26. Bb2 Bd6 27. Nh4 Ne6 28. Ngf5 Nf4 29. Qf3 Qe6 30. Nxd6 Rxd6 31. Nxg6 hxg6 32. axb6 axb6 33. c5 bxc5 34. Bc3 Red8 35. Rfe1 Nh7 36. h4 g5 37. h5 Nf6 38. Ra7 Nxg4 39. Rxc7 Rd3 40. Bxd3 Rxd3 41. Qxd3 Nxd3 42. Ra1 Nf6 43. Ra8+ Kh7 44. Rcc8 Qg4+ 45. Kf1 Qd1+ 46. Kg2 Nf4+ 0-1

[Event "Lund op"]
[Site "Lund"]
[Date "2017.02.14"]
[Round "2"]
[White "Sigeman, Johan"]
[Black "Persson, Ulf"]
[Result "1/2-1/2"]
[WhiteElo "2138"]
[BlackElo "1932"]
[PlyCount "64"]
[EventDate "2017.02.07"]
[EventType "swiss"]
[EventRounds "7"]
[EventCountry "SWE"]
[SourceTitle "EXT 2019"]
[Source "ChessBase"]
[SourceDate "2018.10.10"]
[SourceVersion "1"]
[SourceVersionDate "2018.10.10"]
[SourceQuality "1"]

1. d4 Nf6 2. Bf4 d5 3. e3 e6 4. Nf3 Be7 5. h3 Nbd7 6. Be2 Nf8 7. Ne5 Ng6 8. Nxg6 hxg6 9. 0-0 Nh5 10. Bh2 f5 11. Nd2 Bd6 12. Bxd6 Qxd6 13. Nf3 Nf6 14. c4 c6 15. Rc1 Rh6 16. Ne5 g5 17. cxd5 exd5 18. f4 gxf4 19. exf4 Kf8 20. Qb3 Ne4 21. Qe3 Be6 22. Bd3 Re8 23. a3 Bg8 24. b4 a6 25. Bb1 Re7 26. Qe1 Bf7 27. Bd3 Be8 28. Rb1 Qf6 29. Kh2 Nd6 30. Qg3 Ne4 31. Qe1 Nd6 32. Qg3 Ne4 1/2-1/2

[Event "Reykjavik op"]
[Site "Reykjavik"]
[Date "2016.03.14"]
[Round "8"]
[White "Sigeman, Johan"]
[Black "Probst, Alexander"]
[Result "1/2-1/2"]
[WhiteElo "2164"]
[BlackElo "2006"]
[PlyCount "61"]
[EventDate "2016.03.08"]
[EventType "swiss"]
[EventRounds "10"]
[EventCountry "ISL"]
[SourceTitle "CBM 171 Extra"]
[Source "ChessBase"]
[SourceDate "2016.04.26"]
[SourceVersion "1"]
[SourceVersionDate "2016.04.26"]
[SourceQuality "1"]

1. c4 e5 2. Nc3 Nf6 3. Nf3 Nc6 4. e3 Be7 5. d4 exd4 6. Nxd4 0-0 7. Be2 Nxd4 8. Qxd4 d6 9. 0-0 Be6 10. e4 Nd7 11. Nd5 Bf6 12. Nxf6+ Qxf6 13. Be3 Rfe8 14. Qxf6 Nxf6 15. f3 Nd7 16. g4 Ne5 17. Rac1 f6 18. Kg2 g5 19. Kg3 Kg7 20. h4 h6 21. Rfd1 Rad8 22. b3 b6 23. Rd2 a5 24. Rcd1 a4 25. Rc1 axb3 26. axb3 Ra8 27. Bd1 Ra3 28. Bd4 Rea8 29. hxg5 hxg5 30. Bc2 Ra2 31. Rcd1 1/2-1/2

[Event "Reykjavik op"]
[Site "Reykjavik"]
[Date "2016.03.13"]
[Round "7"]
[White "Bergsson, Stefan"]
[Black "Sigeman, Johan"]
[Result "0-1"]
[WhiteElo "1974"]
[BlackElo "2164"]
[PlyCount "90"]
[EventDate "2016.03.08"]
[EventType "swiss"]
[EventRounds "10"]
[EventCountry "ISL"]
[SourceTitle "CBM 171 Extra"]
[Source "ChessBase"]
[SourceDate "2016.04.26"]
[SourceVersion "1"]
[SourceVersionDate "2016.04.26"]
[SourceQuality "1"]

1. d4 Nf6 2. c4 e6 3. Nc3 Bb4 4. Qc2 0-0 5. Nf3 c5 6. dxc5 Na6 7. g3 Nxc5 8. Bg2 Nce4 9. 0-0 Nxc3 10. bxc3 Bc5 11. e4 d6 12. e5 dxe5 13. Nxe5 Qc7 14. Qe2 Bd6 15. Re1 Rb8 16. Bf4 Ne8 17. Qh5 f6 18. Be4 g6 19. Nxg6 hxg6 20. Bxg6 Bxf4 21. Bxe8 Qg7 22. Bg6 f5 23. gxf4 Rf6 24. Kh1 Rxg6 25. Rg1 Kf7 26. Rg5 Qh6 27. Qd1 b6 28. Qd6 Bb7+ 29. Kg1 Rxg5+ 30. fxg5 Qxg5+ 31. Kf1 Qg2+ 32. Ke2 Qf3+ 33. Kf1 Qh1+ 34. Ke2 Qe4+ 35. Kd2 Re8 36. Rg1 Qh4 37. Ke1 Qe4+ 38. Kd2 Qh4 39. Ke1 Qf6 40. Rg3 Be4 41. Qc7+ Qe7 42. Qf4 Rg8 43. Rh3 Rg1+ 44. Ke2 Rg7 45. Rh8 Qc5 0-1

[Event "Reykjavik op"]
[Site "Reykjavik"]
[Date "2016.03.11"]
[Round "5"]
[White "Korley, Kassa"]
[Black "Sigeman, Johan"]
[Result "1-0"]
[WhiteElo "2412"]
[BlackElo "2164"]
[PlyCount "135"]
[EventDate "2016.03.08"]
[EventType "swiss"]
[EventRounds "10"]
[EventCountry "ISL"]
[SourceTitle "CBM 171 Extra"]
[Source "ChessBase"]
[SourceDate "2016.04.26"]
[SourceVersion "1"]
[SourceVersionDate "2016.04.26"]
[SourceQuality "1"]

1. d4 Nf6 2. Nf3 e6 3. c4 b6 4. e3 Bb4+ 5. Nbd2 Bb7 6. a3 Be7 7. b4 Ne4 8. Nxe4 Bxe4 9. Bd3 Bxd3 10. Qxd3 d6 11. 0-0 Nd7 12. Bd2 0-0 13. a4 e5 14. Bc3 Bf6 15. a5 Qe7 16. dxe5 Nxe5 17. Nxe5 Bxe5 18. g3 Bxc3 19. Qxc3 Qe5 20. Qd3 Rae8 21. Rfd1 g6 22. a6 Re6 23. Rac1 h5 24. h4 Rb8 25. Qe2 Qe4 26. Qf1 Re7 27. Rd4 Qf3 28. Rf4 Qc6 29. b5 Qa8 30. Rd1 Rbe8 31. Rdd4 Re4 32. Qd3 Rxf4 33. Rxf4 Re5 34. Rd4 Qe8 35. Qd1 Qa8 36. Rd5 Re4 37. Qd3 Qe8 38. Kf1 Re6 39. Ke2 Qe7 40. Rg5 Kg7 41. g4 hxg4 42. Rxg4 Re5 43. Qd4 Kh7 44. Rf4 Kg8 45. Rg4 Kh7 46. Kf3 Qe6 47. Rf4 Kg8 48. Kg3 Kh7 49. Rg4 Kg8 50. Rf4 Kh7 51. Qd1 d5 52. Qd4 f5 53. c5 Re4 54. Rxe4 fxe4 55. cxb6 cxb6 56. Qc3 Qd6+ 57. Kg2 Qd7 58. Qe5 Qg4+ 59. Qg3 Qd7 60. Qg5 Qxb5 61. Qe7+ Kh6 62. Qf8+ Kh7 63. Qe7+ Kh6 64. Qxa7 Qe2 65. Qb8 Qf3+ 66. Kg1 Qd1+ 67. Kh2 Qa1 68. a7 1-0

[Event "Reykjavik op"]
[Site "Reykjavik"]
[Date "2016.03.09"]
[Round "2"]
[White "Sigeman, Johan"]
[Black "Berg, Bo1"]
[Result "1-0"]
[WhiteElo "2164"]
[BlackElo "1664"]
[PlyCount "111"]
[EventDate "2016.03.08"]
[EventType "swiss"]
[EventRounds "10"]
[EventCountry "ISL"]
[SourceTitle "CBM 171 Extra"]
[Source "ChessBase"]
[SourceDate "2016.04.26"]
[SourceVersion "1"]
[SourceVersionDate "2016.04.26"]
[SourceQuality "1"]

1. c4 b6 2. d4 Bb7 3. d5 e6 4. a3 Nf6 5. Nc3 Be7 6. e4 e5 7. f4 d6 8. Bd3 Nbd7 9. Nf3 a6 10. 0-0 0-0 11. Kh1 exf4 12. Bxf4 Nh5 13. Be3 g6 14. Bh6 Ng7 15. Qd2 Bf6 16. Rf2 Ne5 17. Nxe5 Bxe5 18. Bg5 f6 19. Be3 Rf7 20. Raf1 Qe7 21. Ne2 Raf8 22. Nd4 Bxd4 23. Bxd4 Bc8 24. Qc3 f5 25. Bxg7 Rxg7 26. exf5 Bxf5 27. Bxf5 Rxf5 28. Rxf5 gxf5 29. Rxf5 Qe4 30. Qf3 Qe1+ 31. Qf1 Qxf1+ 32. Rxf1 Re7 33. h3 Re2 34. b3 a5 35. a4 Kg7 36. Kh2 Re3 37. Rf3 Re5 38. g4 h5 39. Kg3 hxg4 40. hxg4 Kg6 41. Kf4 Re7 42. Re3 Rf7+ 43. Kg3 Kg5 44. Re8 Rg7 45. Rf8 Re7 46. Rg8+ Kf6 47. Kf4 Kf7 48. Rh8 Kg7 49. Rh3 Kg6 50. g5 Kg7 51. Re3 Rf7+ 52. Kg4 Kg8 53. g6 Rf8 54. Re7 Rc8 55. Kf5 Rf8+ 56. Kg5 1-0